000 00637nam a2200169 i 4500
001 81900
003 ES-MaACL
005 20230906174532.0
007 t|
008 041108s1912 sp ||||1| spa d
110 0 _aInstituto General y Técnico de Vitoria.
_95069
245 1 0 _aInstituto General y Técnico de Vitoria
_b: memoria del curso del 1911 á 1912 leída en la apertura del curso de 1912 á 1913 /
_cEnrique Iglesias y Ejarque.
260 _aVitoria :
_b[s.n.,
_c1912]
610 2 4 _aInstituto General y Técnico de Vitoria-
_vMemorias.
_9150702
700 0 _aIglesias y Ejarque, Enrique.
_965144
852 _aES-MaACL
_jT-1333-F-9
999 _c81900
_d81900